Využitie farebného diapozitívu v predmete ochrana rastlín : pedagogické čítanie /

Uložené v:
Podrobná bibliografia
Hlavný autor: Bařinka, Ľudovít (Author)
Médium: Kniha
Jazyk:Slovak
Vydané: Bratislava : KPÚ, 1984.
Vydanie:1. vyd.
ISBN: (brož.)
Fyzický popis: 90 s.
Tagy: Pridať tag
Žiadne tagy, Buďte prvý kto otaguje tento záznam!

MARC

LEADER 00000nam a2200000 a 4500
001 000175310
005 20100818140429.0
008 040101s1984 xo e slo d
020 |a (brož.) 
040 |a SVKKK  |b slo  |c SVKKK  |e AACR2 
041 0 |a slo 
044 |a xo  |c SK 
100 1 |a Bařinka, Ľudovít  |4 aut 
245 1 0 |a Využitie farebného diapozitívu v predmete ochrana rastlín :  |b pedagogické čítanie /  |c Ľudovít Bařinka. 
250 |a 1. vyd. 
260 |a Bratislava :  |b KPÚ,  |c 1984. 
300 |a 90 s. 
910 |a svkkk 
998 |a BK 
090 |g SCKHL  |k Sklad Pribinova 3. posch.  |a V.136996  |j 698492  |i 2720972557  |s Povinný výt.